000 00290nam a22001217a 4500
040 _cHS
082 _a338 BEN 1985 C086
100 _aMcDONALD P. BENJAMIN
245 _aInvestment projects in agriculture
260 _aNew York
_bMcDONALD P. BENJAMIN
_c1985
300 _a297p;
942 _cEK
999 _c11083
_d11083